000
00230nam a22000977a 4500
008
230629b xxu||||| |||| 00| 0 eng d
082
_a
338.9
_b
ROK
245
_a
District Focus for Rural Development
300
_a
23p
942
_2
ddc
_c
BK
999
_c
3000
_d
3000